000 01185cam a2200253 i 4500
003 SA-RiAUC
005 20250420133324.0
008 241120s1985 le g 00000 ara c
040 _aSA-RiAUC
_bara
_cSA-RiAUC
_erda
082 0 4 _a232.6
090 _a232.6
_bم ح م
100 1 _aمحمد القادري، محمد بن قاسم بن محمد،
_d1259-1331 هجري
_eمؤلف.
245 1 0 _aرفع العتاب والملام عمن قال العمل بالضعيف اختيارا حرام /
_cتأليف أبي عبد الله محمد بن قاسم القادري الحسني الفارسي ؛ دراسة وتحقيق محمد المعتصم بالله البغدادي.
250 _aالطبعة الأولى.
264 1 _aبيروت :
_bدار الكتاب العربي،
_c1985
300 _a136 صفحة ؛
_c24 سم
336 _aنص
_btxt
_2rdacontent
_3كتاب
337 _aبدون وسيط
_bn
_2rdamedia
338 _aمجلد
_bnc
_2rdacarrier
650 7 _aالحديث
_xالإسناد الضعيف
_2aucsh
700 1 _aالبغدادي، محمد المعتصم بالله
_eمحقق.
942 _2ddc
_cBOOK
_n0
949 _aSA-JeALM
_d241120
_umohamedma123
_n1
999 _c7224
_d7224